000 00776nam a22002651 4500
001 26627
003 BD-RjUL
005 20211209051038.0
008 140323s1966 nju b 001 0beng
035 _a(BD-RjUL)26697
040 _aDLC
_cDLC
_dDLC
_dBD-RjUL
_beng
041 _aeng
082 0 0 _a947.08420924
_bSTA 1966
245 0 0 _aStalin /
_cedited by T. H. Rigby.
260 _aEnglewood Cliffs, N.J. :
_bPrentice-Hall,
_cC1966.
300 _avii, 182 p. ;
_c21 cm.
490 0 _aGreat lives observed
490 0 _aA Spectrum book
504 _a"Bibliographical note": p. 179-182. and index.
600 1 0 _aStalin, Joseph,
_d1879-1953.
_981841
700 1 _aRigby, T. H.
_q(Thomas Henry),
_981840
942 _2ddc
_cBK
999 _c26627
_d26627